<?xml version="1.0" encoding="UTF-8"?>
<record
    xmlns:xsi="http://www.w3.org/2001/XMLSchema-instance"
    xsi:schemaLocation="http://www.loc.gov/MARC21/slim http://www.loc.gov/standards/marcxml/schema/MARC21slim.xsd"
    xmlns="http://www.loc.gov/MARC21/slim">

  <leader>01065nam a2200229 i 4500</leader>
  <controlfield tag="001">182579</controlfield>
  <controlfield tag="003">ES-MaACL</controlfield>
  <controlfield tag="005">20240514173353.0</controlfield>
  <controlfield tag="008">130930s1869    sp a   | |||||||| | spa d</controlfield>
  <datafield tag="080" ind1=" " ind2=" ">
    <subfield code="a">908(460.356)</subfield>
  </datafield>
  <datafield tag="080" ind1=" " ind2=" ">
    <subfield code="a">94(460.356)</subfield>
  </datafield>
  <datafield tag="100" ind1="1" ind2=" ">
    <subfield code="a">Bisso, Jos&#xE9;.</subfield>
    <subfield code="9">125996</subfield>
  </datafield>
  <datafield tag="245" ind1="1" ind2="0">
    <subfield code="a">Cr&#xF3;nica de la provincia de M&#xE1;laga / </subfield>
    <subfield code="c">por Jos&#xE9; Bisso.</subfield>
  </datafield>
  <datafield tag="260" ind1=" " ind2=" ">
    <subfield code="a">Madrid : </subfield>
    <subfield code="b">Rubio, Grilo y Vitturi, </subfield>
    <subfield code="c">1869.</subfield>
  </datafield>
  <datafield tag="300" ind1=" " ind2=" ">
    <subfield code="a">VI, 99 p., [5] h. de l&#xE1;m., [1] h. de mapas : </subfield>
    <subfield code="b">il. ; </subfield>
    <subfield code="c">32 cm.</subfield>
  </datafield>
  <datafield tag="490" ind1="1" ind2=" ">
    <subfield code="a">Cr&#xF3;nica general de Espa&#xF1;a, o sea historia ilustrada y descriptiva de sus provincias, sus poblaciones m&#xE1;s importantes de la pen&#xED;nsula y de ultramar</subfield>
  </datafield>
  <datafield tag="651" ind1=" " ind2="4">
    <subfield code="a">M&#xE1;laga (Provincia)-</subfield>
    <subfield code="x">Descripci&#xF3;n.</subfield>
    <subfield code="9">137269</subfield>
  </datafield>
  <datafield tag="651" ind1=" " ind2="4">
    <subfield code="a">M&#xE1;laga (Provincia)-</subfield>
    <subfield code="x">Historia.</subfield>
    <subfield code="9">152263</subfield>
  </datafield>
  <datafield tag="830" ind1="0" ind2=" ">
    <subfield code="a">Cr&#xF3;nica general de Espa&#xF1;a, o sea Historia ilustrada y descriptiva de sus provincias, sus poblaciones m&#xE1;s importantes de la pen&#xED;nsula y posesiones de Ultramar</subfield>
    <subfield code="9">224862</subfield>
  </datafield>
  <datafield tag="852" ind1=" " ind2=" ">
    <subfield code="a">ES-MaACL</subfield>
    <subfield code="j">C-1581(4) </subfield>
    <subfield code="z">.- Encuadernado con otras obras</subfield>
  </datafield>
  <datafield tag="999" ind1=" " ind2=" ">
    <subfield code="c">182579</subfield>
    <subfield code="d">182579</subfield>
  </datafield>
  <datafield tag="952" ind1=" " ind2=" ">
    <subfield code="0">0</subfield>
    <subfield code="1">0</subfield>
    <subfield code="4">0</subfield>
    <subfield code="7">0</subfield>
    <subfield code="8">LIBXIX</subfield>
    <subfield code="a">ATENEOM</subfield>
    <subfield code="b">ATENEOM</subfield>
    <subfield code="c">SPAL</subfield>
    <subfield code="d">2013-09-30</subfield>
    <subfield code="e">SC</subfield>
    <subfield code="l">0</subfield>
    <subfield code="o">C-1581(4)</subfield>
    <subfield code="p">1191877</subfield>
    <subfield code="r">2023-02-23 00:00:00</subfield>
    <subfield code="w">2023-02-23</subfield>
    <subfield code="y">MONANT</subfield>
  </datafield>
</record>
